الإحصاءات والمؤشرات المالية لشركات القطاع الخاص الإستثمارى 2005.
تولى الدولة اهتمام كبيرا للقطاع الخاص فى كافة المجالات الإقتصادية وتشجعية على رفع معدلات النمو وزيادة الصادرات حيث يتحمل هذا القطاع العبء الأكبر فى عملية التنمية الإقتصادية فى ضوء تبى الدولة لسياسات الإصلاح الإقتصادى والخصخصة لمواكبة المتغيرات الإقتصادية العالمية والإقليمية...
Đã lưu trong:
| Tiêu đề trước: | نشرة السنوية لاحصاء احكام الافلاس و حالات البروتستو |
|---|---|
| Tác giả của công ty: | |
| Định dạng: | Số seri |
| Ngôn ngữ: | Tiếng Ả Rập |
| Được phát hành: |
القاهرة :
الجهاز المركزى للتعبئة العامة والإحصاء.
|
| Những chủ đề: | |
| Các nhãn: |
Thêm thẻ
Không có thẻ, Là người đầu tiên thẻ bản ghi này!
|
MARC
| LEADER | 00000cas a2200000 a 4500 | ||
|---|---|---|---|
| 003 | INP | ||
| 005 | 20181011150416.0 | ||
| 008 | 150628cuuuuuuuuua ar s o0 f0ara d | ||
| 952 | |0 0 |1 0 |4 0 |6 338_720000000000000_إ_ح_2005 |7 0 |8 نشرات التع |9 770 |a INP |b INP |c JOUR |d 2018-03-06 |l 0 |o 338.72 إ ح 2005 |p 000584 |r 2022-03-28 00:00:00 |w 2018-03-06 |y PUB |0 0 |0 0 | ||
| 952 | |0 0 |1 0 |4 0 |6 338_720000000000000_إ_ح_2005 |7 0 |8 نشرات التع |9 16968 |a INP |b INP |c JOUR |d 2018-10-11 |l 0 |o 338.72 إ ح 2005 |p 017831 |r 2022-03-28 00:00:00 |w 2018-10-11 |y PUB | ||
| 952 | |0 0 |1 0 |4 0 |6 338_720000000000000_إ_ح_2005 |7 0 |8 نشرات التع |9 17167 |a INP |b INP |c JOUR |d 2018-10-11 |l 0 |o 338.72 إ ح 2005 |p 017956 |r 2022-03-28 00:00:00 |w 2018-10-11 |y PUB | ||
| 999 | |c 6386 |d 6386 | ||
| 040 | |a EG-INP |c EG-INP |b ara | ||
| 082 | 0 | 4 | |a 338.72 |b إ ح 2005 |2 21 |
| 245 | 1 | 2 | |a الإحصاءات والمؤشرات المالية لشركات القطاع الخاص الإستثمارى 2005. |
| 260 | |a القاهرة : |b الجهاز المركزى للتعبئة العامة والإحصاء. | ||
| 300 | |a مج. : |b ايض. ؛ |c 29 سم | ||
| 310 | |a سنوى | ||
| 500 | |a بنى الوصف على : 2005. | ||
| 500 | |a "2005 مرجع رقم 80-12714." | ||
| 500 | |a إصدار أغسطس 2007. | ||
| 520 | |a تولى الدولة اهتمام كبيرا للقطاع الخاص فى كافة المجالات الإقتصادية وتشجعية على رفع معدلات النمو وزيادة الصادرات حيث يتحمل هذا القطاع العبء الأكبر فى عملية التنمية الإقتصادية فى ضوء تبى الدولة لسياسات الإصلاح الإقتصادى والخصخصة لمواكبة المتغيرات الإقتصادية العالمية والإقليمية | ||
| 650 | 7 | |a الافلاس |v احصائيات |v دوريات. |2 qrmak | |
| 650 | 7 | |a الحسابات، تصفية. |2 qrmak | |
| 650 | 7 | |a الخسائر |v احصائيات. |2 qrmak | |
| 650 | 7 | |a القطاع الخاص |2 qrmak | |
| 653 | |a Middle East (OACIS project) | ||
| 710 | 2 | |a الجهاز المركزي للتعبئة العامة و الإحصاء. | |
| 780 | 0 | 0 | |t نشرة السنوية لاحصاء احكام الافلاس و حالات البروتستو |w (EG-AlBA)567530 |
| 901 | |a EGPV30 | ||
| 903 | |a original | ||
| 942 | |c PUB |2 ddc | ||